| 000 | 00964nam a2200229 i 4500 | ||
|---|---|---|---|
| 001 | bg | ||
| 100 | 1 | _aSTEĆ, Piotr | |
| 245 | 1 | 0 |
_aSegmentation of colour video sequences using the fast marching method / _cPiotr Steć. |
| 260 |
_aZielona Góra : _bOficyna Wydawnicza Uniwersytetu Zielonogórskiego, _c2005. |
||
| 300 |
_a108 s. : _bfot., rys., wykr. ; _c24 cm. |
||
| 490 | 1 |
_aLecture Notes in Control and Computer Science / Faculty of Electrical Engineering. Computer Science and Telecomunications. University of Zielona Góra ; _vvol. 7 |
|
| 504 | _aBibliogr. | ||
| 650 | 9 |
_aSegmentacja obrazów _xmetody |
|
| 830 | 0 |
_aLecture Notes in Control and Computer Science (Faculty of Electrical Engineering. Computer Science and Telecomunications. University of Zielona Góra) ; _vvol. 7 |
|
| 020 | _a8389712474 | ||
| 040 | _cBPK | ||
| 041 | 0 | _aeng | |
| 080 | _a004.932 | ||
| 920 | _a83-89712-47-4 | ||
| 942 | _cKS | ||
| 008 | s pl f |000 0 pol | ||
| 999 |
_c46453 _d46453 |
||
| 856 |
_uhttp://koha.tu.koszalin.pl/cgi-bin/koha/opac-detail.pl?biblionumber=46453 _yKatalog online BPK |
||